Star Académie (2003-2025) - Statistiques

Statistiques générales
  • Ce quiz a été pris 14 fois
  • Le résultat moyen est 26 sur 114
Statistiques - réponses
Hint Réponse % Correct
2003 Annie Villeneuve
57%
2003 Emily Begin
57%
2003 Jean-François Bastien
57%
2003 Marie-Élaine Thibert
57%
2003 Marie-Mai Bouchard
57%
2025 Mia Tinayre
57%
2012 Olivier Dion
57%
2004 Stéphanie Lapointe
57%
2003 Suzie Villeneuve
57%
2021 William Cloutier
57%
2005 Annie Blanchard
43%
2005 Audrey Gagnon
43%
2022 Audrey-Louise Beauséjour
43%
2004 Corneliu Montano
43%
2003 François Babin
43%
2005 Marc-André Fortin
43%
2004 Martin Giroux
43%
2004 Meggie Lagacé
43%
2012 Mélissa Bédard
43%
2012 Andréanne A. Malette
29%
2009 Brigitte Boisjoli
29%
2012 Bryan Audet
29%
2022 Camélia Zaki
29%
2012 Carole-Anne Gagnon Lafond
29%
2005 David Tremblay
29%
2022 Édouard Lagacé
29%
2003 Elyse Robineault
29%
2004 Étienne Drapeau
29%
2005 Francis Greffard
29%
2012 François Lachance
29%
2021 Guillaume Lafond
29%
2004 Jason Battah
29%
2012 Jean-Marc Couture
29%
2005 Jennifer Silencieux
29%
2025 Katrine Sansregret
29%
2022 Krystel Mongeau
29%
2004 Marie-Ève Côté
29%
2004 Marie-France Lettre
29%
2003 Maritza Bossé-Pelchat
29%
2009 Pascal Chaumont
29%
2003 Pascal Nguyen
29%
2009 Rich Ly
29%
2004 Sandy Duperval
29%
2012 Sophie Pelletier
29%
2005 Stéphanie Bédard
29%
2009 Vanessa Duchel
29%
2004 Véronique Claveau
29%
2003 Wilfred LeBouthiller
29%
2025 Albert Asselin
14%
2012 Andrée-Anne Leclerc
14%
2021 Annabel Oreste
14%
2005 Bruno Labrie
14%
2009 Carolanne D'Astous-Paquet
14%
2021 Charles Kamroun
14%
2021 Dashny Jules
14%
2003 Dave Bourgeois
14%
2004 Dave Roussy
14%
2022 Eloi Cummings
14%
2009 Emilie Levesque
14%
2022 Gaëlle Jaber
14%
2021 Jacob Roberge
14%
2004 Jannie Lemay
14%
2012 Jason Guerette
14%
2004 Jean-François Prud'Homme
14%
2009 Jean-Philippe Audet
14%
2005 Jenny Hachey
14%
2022 Jérémy Plante
14%
2012 Joannie Benoit
14%
2009 Joannie Goyette
14%
2025 Joël Vogt
14%
2022 Julien Charbonneau
14%
2009 Karine Labelle
14%
2005 Kaven Haché
14%
2025 Léo Giroux
14%
2005 Linda Rocheleau
14%
2025 Loïc Trépanier
14%
2021 Lunou Zucchini
14%
2021 Maeva Grelet
14%
2004 Marc-André Niquet
14%
2005 Marc Angers
14%
2025 Marc-Antoine Delage
14%
2022 Marily Dorion
14%
2003 Martin Rouette
14%
2022 Mathieu Rheault
14%
2021 Matt Moln
14%
2025 Maxim Doucet
14%
2009 Maxime Landry
14%
2021 Meghan Oak
14%
2012 Mike Lee
14%
2022 Olivier Bergeron
14%
2021 Olivier Faubert
14%
2021 Queenie Clément
14%
2021 Rosalie Ayotte
14%
2022 Sandrine Hébert
14%
2022 Sarah-Maude Desgagnés
14%
2012 Sarah-May Vézeau
14%
2021 Shayan Heidari
14%
2012 Simon Morin
14%
2009 Sophie Vaillancourt
14%
2003 Stéphane Mercier
14%
2005 Steve Provost
14%
2005 Valérie Boivin
14%
2009 William Deslauriers
14%
2022 Yannick Bissonnette
14%
2021 Zara Sargsyan
14%
2025 Camille Cormier-Morasse
0%
2025 Laurence Libersan
0%
2022 Laurie Deschênes
0%
2009 Maxime Proulx
0%
2009 Olivier Beaulieu
0%
2025 Romie Lacasse
0%
2025 Victoria Sénéchal
0%
2025 Yoann Guay
0%
2025 Zoey Daferuru
0%
Aucun quiz correspondant
Distribution des résultats
% des personnes avec chaque résultat
Percentile par nombre de réponses
Votre historique - résultats
Vous n’avez pas pris ce quiz